000
00292nam a22001337a 4500
082
_a
894.812.3
_b
SHA/K
100
_a
SHAKESPEARE,WILLIAM
245
_a
LEAR RAJAVU
250
_a
SECOND
260
_a
THRISSUR
_b
H&C PUBLISHING HOUSE
_c
2012
300
_a
64
650
_a
SHORT STORY
942
_c
BK
999
_c
1359
_d
1359